Marshal Lyautey/ (Record no. 552075)
[ view plain ]
| 000 -LEADER | |
|---|---|
| fixed length control field | 01171cam a22001931 4500 |
| 082 ## - DEWEY DECIMAL CLASSIFICATION NUMBER | |
| Classification number | 355.009244 |
| Author Mark | MAU |
| 100 1# - MAIN ENTRY--PERSONAL NAME | |
| Personal name | Maurois, Ander |
| 9 (RLIN) | 49282 |
| 245 10 - TITLE STATEMENT | |
| Title | Marshal Lyautey/ |
| Remainder of title | ; |
| Statement of responsibility, etc. | ; |
| 260 ## - PUBLICATION, DISTRIBUTION, ETC. | |
| Place of publication, distribution, etc. | London, |
| Name of publisher, distributor, etc. | G. Allen & Unwin, ltd. |
| Date of publication, distribution, etc. | [1931] |
| 300 ## - PHYSICAL DESCRIPTION | |
| Extent | 289 p., 1 l. |
| Other physical details | front. (port.) pl., map. |
| Dimensions | 23 cm. |
| 500 ## - GENERAL NOTE | |
| General note | "Translated from the first French edition o Chroniques de Gomes Eannes de Azurara, in the series 'Les grands navigateurs et colons portugais du XVe et du XVIe siècles: anthologie des écrits de lʼépoque par Virginia de Castro et Almeida' ... Paris, 1934."- p. [4] |
| 500 ## - GENERAL NOTE | |
| General note | An abridgment of the Portuguese originals, Chronica do descobrimento e conquista de Guiné ... illustrada com algumas notas pelo visconde de Santarem ... Pariz, 1841, 3. pte.; and Chronica de el-rei d. João I, por Fernão Lopez, 3. pte., "em que se contem a Tomada de Ceuta, composta por Gomes Eannes de Azurara." (cf. the edition of Lisbon, 1897-1900) |
| 526 ## - STUDY PROGRAM INFORMATION NOTE | |
| Program name | 0 |
| Interest level | 0 |
| Reading level | 0 |
| Title point value | 355_009244000000000_MAU |
| 650 #0 - SUBJECT ADDED ENTRY--TOPICAL TERM | |
| Topical term or geographic name entry element | MCE |
| 9 (RLIN) | 379 |
| 650 #0 - SUBJECT ADDED ENTRY--TOPICAL TERM | |
| Topical term or geographic name entry element | Portuguese |
| Geographic subdivision | Africa |
| 9 (RLIN) | 49283 |
| 700 1# - ADDED ENTRY--PERSONAL NAME | |
| Personal name | Almeida, Virginia de Castro e, |
| 9 (RLIN) | 49284 |
| 700 1# - ADDED ENTRY--PERSONAL NAME | |
| Personal name | Miall, Bernard, |
| 9 (RLIN) | 49285 |
| 942 ## - ADDED ENTRY ELEMENTS (KOHA) | |
| Source of classification or shelving scheme | |
| Koha item type | Book |
| Withdrawn status | Lost status | Source of classification or shelving scheme | Damaged status | Not for loan | Permanent Location | Current Location | Shelving location | Date acquired | Total Checkouts | Full call number | Barcode | Date last seen | Price effective from | Koha item type |
|---|---|---|---|---|---|---|---|---|---|---|---|---|---|---|
| Military College of Engineering (MCE) | Military College of Engineering (MCE) | 01/06/2015 | 355.009244 MAU | MCE-ECM/106 | 01/06/2015 | 01/06/2015 | Book |
